| 000 | 00845cab a2200205 4500 | ||
|---|---|---|---|
| 001 | E86580 | ||
| 008 | 090401t1997 xxu||||| |||| 00| 0 eng d | ||
| 035 | _a(Sirsi) u80992 | ||
| 041 | _aeng | ||
| 245 | _aSmith v East Dunbartonshire Council | ||
| 260 | _c1997 | ||
| 350 | _a0 | ||
| 490 |
_aScots Law Times _v1997 SLT 997-1000(4) |
||
| 520 | _aFirst Division. 11 February 1997. Heritable property - land obligations - variation of - application in respect of prohibition against building more than six houses on subjects - further prohibition against subdivision of feu into more than six parts - whether existence of further prohibition prevented development and impeded discharge. | ||
| 650 | _aLAND OBLIGATIONS | ||
| 650 | _aRESTRICTIVE COVENANTS | ||
| 690 | _aPROPERTY LAW AND PRACTICE-CASE LAW | ||
| 942 | _n0 | ||
| 948 | _c22/09/1997 | ||
| 999 |
_c51022 _d51022 |
||